Normal view
MARC view
- Lusting, Alessandro
Entry Nombre Personal
001 - NUMERO DE CONTROL
- campo de control: 53271
003 - IDENTIFICADOR DE NUMERO DE CONTROL
- campo de control: MX-MxUPN
005 - FECHA Y HORA DE LA ÜLTIMA TRANSACCIÓN
- campo de control: 20240827135759.0
008 - DATOS DE LONGITUD FIJA
- campo de control de longitud fija: 240827|| acn||aabn | aaa d
040 ## - FUENTE DE CATALOGACIÓN
- Agencia original de catalogación: MX-MxUPN
- Lenguaje de catalogación: spa
- Agencia de transcripción: MX-MxUPN
100 1# - ENCABEZAMIENTO - NOMBRE PERSONAL
- Nombre personal: Lusting, Alessandro
373 ## - GRUPO ASOCIADO
- Associated group: Regio Instituto Superiore Degli Studi di Firenzi
374 ## - OCUPACIÓN
- Occupation: Profesor
670 ## - FUENTE EN LA QUE SE LOCALIZARON DATOS
- Cita de la fuente: Igiene della scuola ad uso degli inseignanti e dei medic, 1907 :
- Información localizada: portada (Prof. Alessandro Lusting del Regio Instituto Superiore Degli Studi di Firenzi)
902 ## - CATALOGADOR
- Catalogador: MaríaRobles/270824
